[Event "Polanica Zdroj op-B 46th"]
[Site "Polanica Zdroj"]
[Date "2010.08.23"]
[Round "6"]
[White "Chmielarz, Maciej"]
[Black "Wozniak, Bartosz"]
[Result "1/2-1/2"]
[WhiteElo "1722"]
[BlackElo "1901"]
[PlyCount "60"]
[EventDate "2010.08.18"]
[EventType "swiss"]
[EventRounds "9"]
[EventCountry "POL"]
[SourceTitle "CBM 138 Extra"]
[Source "ChessBase"]
[SourceDate "2010.10.29"]
[SourceVersion "1"]
[SourceVersionDate "2010.10.29"]
[SourceQuality "1"]

1. d4 Nf6 2. c4 c5 3. d5 b5 4. cxb5 a6 5. b6 d6 6. Nc3 Nbd7 7. e4 g6 8. a4 Qxb6 9. Nf3 Bg7 10. Nd2 0-0 11. a5 Qb4 12. Ra4 Qb7 13. Nc4 Ne8 14. Be2 Nc7 15. Ra3 Nb5 16. Rb3 Qc7 17. Na4 Nd4 18. Rg3 Rb8 19. Nab6 Nxb6 20. Nxb6 Nxe2 21. Qxe2 Qb7 22. 0-0 Bd7 23. Re1 Bb5 24. Qc2 Rfe8 25. Bf4 Qc7 26. Qd2 Rbd8 27. Bh6 Bd4 28. Be3 Bg7 29. Bh6 Bd4 30. Be3 Bg7 1/2-1/2

[Event "POL-chT U19 1st League"]
[Site "Suchedniow"]
[Date "2010.07.14"]
[Round "9"]
[White "Dowgird, Filip"]
[Black "Wozniak, Bartosz"]
[Result "0-1"]
[WhiteElo "2096"]
[BlackElo "1901"]
[PlyCount "130"]
[EventDate "2010.07.06"]
[EventType "team-tourn"]
[EventRounds "9"]
[EventCountry "POL"]
[SourceTitle "EXT 2019"]
[Source "ChessBase"]
[SourceDate "2018.10.10"]
[SourceVersion "1"]
[SourceVersionDate "2018.10.10"]
[SourceQuality "1"]
[WhiteTeam "Wroclaw MUKS MDK Srodmiescie U19"]
[BlackTeam "Wroclaw KS Polonia U19 II"]
[WhiteTeamCountry "POL"]
[BlackTeamCountry "POL"]

1. Nf3 c5 2. e4 d6 3. c3 Nf6 4. g3 Nc6 5. d3 g6 6. Bg2 Bg7 7. 0-0 0-0 8. Nbd2 e5 9. a3 a5 10. a4 d5 11. Re1 Re8 12. h3 Rb8 13. Qc2 h6 14. Nf1 Be6 15. g4 Nd7 16. Ng5 d4 17. Nxe6 Rxe6 18. Nd2 b5 19. axb5 Rxb5 20. Nc4 Qb8 21. Bf3 Qa7 22. Bd1 Ndb8 23. Qa4 Qa6 24. Kg2 Bf8 25. Na3 Rb7 26. Bb3 Re8 27. Bc4 Qa8 28. Bd5 Rc8 29. Nc4 Qa6 30. f4 exf4 31. Bxf4 Kg7 32. Rf1 f6 33. Rf2 Be7 34. Raf1 Rd7 35. Be6 Rdd8 36. Bxc8 Rxc8 37. Ra1 Rf8 38. Qd1 Nd7 39. Qd2 g5 40. Bc7 Bd8 41. Bd6 Rf7 42. Bg3 Qa7 43. Nd6 Rf8 44. Nf5+ Kg6 45. Bd6 Rf7 46. h4 Nde5 47. Kh3 Bc7 48. Bxe5 Nxe5 49. Ra4 dxc3 50. bxc3 Qb6 51. Qa2 gxh4 52. Nxh4+ Kg7 53. Nf5+ Kg6 54. Qd2 Rh7 55. Ra1 Nf7 56. Ne7+ Kg7 57. Raf1 Ng5+ 58. Kg2 Be5 59. Qa2 Rh8 60. Nd5 Qd8 61. Qc4 Qd7 62. Ne3 h5 63. Nf5+ Kg6 64. gxh5+ Kh7 65. Qxc5 Nf7 0-1

[Event "POL-chT U19 1st League"]
[Site "Suchedniow"]
[Date "2010.07.10"]
[Round "5"]
[White "Wozniak, Bartosz"]
[Black "Jaskolka, Tomasz"]
[Result "0-1"]
[WhiteElo "1901"]
[BlackElo "1926"]
[PlyCount "62"]
[EventDate "2010.07.06"]
[EventType "team-tourn"]
[EventRounds "9"]
[EventCountry "POL"]
[SourceTitle "EXT 2019"]
[Source "ChessBase"]
[SourceDate "2018.10.10"]
[SourceVersion "1"]
[SourceVersionDate "2018.10.10"]
[SourceQuality "1"]
[WhiteTeam "Wroclaw KS Polonia U19 II"]
[BlackTeam "Brzozow LKS Brzozowia MOSiR U19"]
[WhiteTeamCountry "POL"]
[BlackTeamCountry "POL"]

1. e4 c5 2. Nf3 Nc6 3. d4 cxd4 4. Nxd4 g6 5. c4 Nf6 6. Nc3 d6 7. f3 Nxd4 8. Qxd4 Bg7 9. Be2 0-0 10. Bd2 Be6 11. Qd3 Nd7 12. b3 Nc5 13. Qe3 f5 14. exf5 Bxf5 15. 0-0 Ne6 16. Kh1 Bd4 17. Qh6 Nc5 18. Rac1 Bd3 19. Rce1 e5 20. Nd5 Rf5 21. g4 Rf7 22. Bg5 Qf8 23. Qh4 Bxe2 24. Rxe2 Rxf3 25. Nf6+ Qxf6 26. Bxf6 Rxf1+ 27. Kg2 Rg1+ 28. Kh3 Ne6 29. Qh6 Rf8 30. g5 Nf4+ 31. Kh4 Rxf6 0-1

[Event "POL-chT U19 1st League"]
[Site "Suchedniow"]
[Date "2010.07.07"]
[Round "2"]
[White "Graczyk, Damian"]
[Black "Wozniak, Bartosz"]
[Result "0-1"]
[WhiteElo "1893"]
[BlackElo "1901"]
[PlyCount "60"]
[EventDate "2010.07.06"]
[EventType "team-tourn"]
[EventRounds "9"]
[EventCountry "POL"]
[SourceTitle "EXT 2019"]
[Source "ChessBase"]
[SourceDate "2018.10.10"]
[SourceVersion "1"]
[SourceVersionDate "2018.10.10"]
[SourceQuality "1"]
[WhiteTeam "Katowice Hetman Szopienice U19"]
[BlackTeam "Wroclaw KS Polonia U19 II"]
[WhiteTeamCountry "POL"]
[BlackTeamCountry "POL"]

1. d4 Nf6 2. Nf3 c5 3. g3 cxd4 4. Nxd4 d5 5. Bg2 e5 6. Nb3 Be7 7. Bg5 d4 8. 0-0 0-0 9. c3 dxc3 10. Nxc3 Nc6 11. Rc1 Rb8 12. Qc2 Be6 13. Rfd1 Qb6 14. Be3 Qc7 15. Bxa7 Rbd8 16. Be3 Nb4 17. Qb1 Rxd1+ 18. Nxd1 Qb8 19. Nc3 Bxb3 20. axb3 Rd8 21. Qf5 h6 22. g4 Nc6 23. Ne4 Nd5 24. Bc5 Bxc5 25. Nxc5 Nd4 26. Nd7 Qd6 27. Qe4 Qxd7 28. Rc5 Nf6 29. Qxe5 Re8 30. Qc7 Nxe2+ 0-1

[Event "POL-ch U14"]
[Site "Sekocin Stary"]
[Date "2010.05.06"]
[Round "8"]
[White "Chmiel, Marcin"]
[Black "Wozniak, Bartosz"]
[Result "1-0"]
[WhiteElo "1815"]
[BlackElo "1931"]
[PlyCount "67"]
[EventDate "2010.05.01"]
[EventType "swiss"]
[EventRounds "10"]
[EventCountry "POL"]
[SourceTitle "EXT 2011"]
[Source "ChessBase"]
[SourceDate "2010.11.26"]
[SourceVersion "1"]
[SourceVersionDate "2010.11.26"]
[SourceQuality "1"]

1. e4 c5 2. Nf3 d6 3. d4 cxd4 4. Qxd4 Nc6 5. Bb5 Bd7 6. Bxc6 Bxc6 7. Nc3 Nf6 8. Bg5 e6 9. 0-0-0 Be7 10. Qd3 0-0 11. Nd4 Qc7 12. f4 Rfd8 13. h4 a6 14. Bxf6 Bxf6 15. g4 b5 16. g5 Be7 17. f5 exf5 18. Nxc6 Qxc6 19. Nd5 Bf8 20. exf5 Rac8 21. f6 g6 22. h5 Qc4 23. hxg6 Qxd3 24. gxf7+ Kxf7 25. Rxd3 Kg6 26. Rg3 Rc5 27. Nf4+ Kf5 28. Nd3 Rc7 29. Rf1+ Kg6 30. Nf4+ Kf7 31. Rh3 Kg8 32. Ne6 Rdc8 33. Nxc7 Rxc7 34. Rfh1 1-0

[Event "Wroclaw op"]
[Site "Wroclaw"]
[Date "2010.02.12"]
[Round "7"]
[White "Dobrowolski, Aleksander"]
[Black "Wozniak, Bartosz"]
[Result "1-0"]
[WhiteElo "2345"]
[BlackElo "1815"]
[PlyCount "77"]
[EventDate "2010.02.08"]
[EventType "swiss"]
[EventRounds "9"]
[EventCountry "POL"]
[SourceTitle "CBM 134 Extra"]
[Source "ChessBase"]
[SourceDate "2010.03.03"]
[SourceVersion "1"]
[SourceVersionDate "2010.03.03"]
[SourceQuality "1"]

1. e4 c5 2. Nf3 Nc6 3. Nc3 g6 4. d4 cxd4 5. Nxd4 Bg7 6. Be3 d6 7. Qd2 Nf6 8. f3 0-0 9. Bc4 Bd7 10. Bb3 Rc8 11. 0-0-0 Ne5 12. Kb1 Nc4 13. Bxc4 Rxc4 14. g4 b5 15. b3 b4 16. bxc4 bxc3 17. Qxc3 Bxg4 18. fxg4 Nxe4 19. Qd3 Nc5 20. Qa3 Qd7 21. Nb3 Ne4 22. Bd4 Qxg4 23. Bxg7 Kxg7 24. Qb2+ Kg8 25. Rhe1 Qf3 26. Rd3 Qg2 27. Qd4 f5 28. Qxa7 Kf7 29. Rxd6 Ra8 30. Qd7 Qxh2 31. Qe6+ Kf8 32. Rd3 Qh4 33. Red1 Kg7 34. Qe5+ Kh6 35. c5 Rc8 36. Kb2 Rc6 37. Rd7 e6 38. Qg7+ Kg5 39. Nd4 1-0

[Event "Wroclaw op"]
[Site "Wroclaw"]
[Date "2010.02.10"]
[Round "4"]
[White "Wozniak, Bartosz"]
[Black "Wrobel, Maciej"]
[Result "1-0"]
[WhiteElo "1815"]
[BlackElo "1879"]
[PlyCount "77"]
[EventDate "2010.02.08"]
[EventType "swiss"]
[EventRounds "9"]
[EventCountry "POL"]
[SourceTitle "CBM 134 Extra"]
[Source "ChessBase"]
[SourceDate "2010.03.03"]
[SourceVersion "1"]
[SourceVersionDate "2010.03.03"]
[SourceQuality "1"]

1. e4 e5 2. Nf3 Nc6 3. d4 exd4 4. Nxd4 Nf6 5. Nxc6 bxc6 6. e5 Qe7 7. Qe2 Nd5 8. c4 Qb4+ 9. Nd2 Nf4 10. Qe4 Ne6 11. Be2 Be7 12. 0-0 0-0 13. Bd3 Ng5 14. Qe2 d5 15. f4 Ne6 16. f5 Qc5+ 17. Kh1 dxc4 18. Nxc4 Nd4 19. Qe4 Bxf5 20. Rxf5 Nxf5 21. Qxf5 g6 22. Qf1 f5 23. Be3 Qb4 24. a3 Qb3 25. Nb6 Qxb2 26. Nxa8 Rxa8 27. Bc4+ Kg7 28. Qe1 Rd8 29. h3 c5 30. a4 g5 31. Bg1 g4 32. hxg4 fxg4 33. Ra2 Qb6 34. e6 Qd6 35. Rf2 Bf6 36. Rxf6 Kxf6 37. Qf1+ Kg5 38. Be3+ Kh4 39. Qf6+ 1-0

[Event "Wroclaw op"]
[Site "Wroclaw"]
[Date "2010.02.09"]
[Round "3"]
[White "Zysko, Jan"]
[Black "Wozniak, Bartosz"]
[Result "1-0"]
[WhiteElo "2208"]
[BlackElo "1815"]
[PlyCount "53"]
[EventDate "2010.02.08"]
[EventType "swiss"]
[EventRounds "9"]
[EventCountry "POL"]
[SourceTitle "CBM 134 Extra"]
[Source "ChessBase"]
[SourceDate "2010.03.03"]
[SourceVersion "1"]
[SourceVersionDate "2010.03.03"]
[SourceQuality "1"]

1. Nf3 c5 2. e4 d6 3. d4 cxd4 4. Nxd4 Nf6 5. Nc3 g6 6. Be3 Bg7 7. Be2 0-0 8. Qd2 Nc6 9. 0-0-0 Bd7 10. h4 h5 11. f3 Rc8 12. Kb1 a6 13. g4 Ne5 14. gxh5 Nxh5 15. f4 Nc4 16. Bxc4 Rxc4 17. f5 Kh7 18. Qd3 b5 19. Rhg1 Be5 20. Rg5 Rg8 21. Rdg1 Rg7 22. fxg6+ fxg6 23. Rxe5 dxe5 24. Ne6 Qc8 25. Nxg7 Kxg7 26. Nd5 Qe8 27. Nb6 1-0

[Event "Marianske Lazne op"]
[Site "Marianske Lazne"]
[Date "2010.01.16"]
[Round "1"]
[White "Wozniak, Bartosz"]
[Black "Kirsanova, Ekaterina"]
[Result "1-0"]
[WhiteElo "1815"]
[BlackElo "2133"]
[PlyCount "95"]
[EventDate "2010.01.16"]
[EventType "swiss"]
[EventRounds "9"]
[EventCountry "CZE"]
[SourceTitle "CBM 134 Extra"]
[Source "ChessBase"]
[SourceDate "2010.03.03"]
[SourceVersion "1"]
[SourceVersionDate "2010.03.03"]
[SourceQuality "1"]

1. e4 c5 2. Nf3 e6 3. d4 cxd4 4. Nxd4 Nf6 5. Nc3 Nc6 6. Be3 Bb4 7. Bd3 d5 8. Nxc6 bxc6 9. exd5 cxd5 10. Bd4 0-0 11. 0-0 a5 12. a3 Be7 13. Qf3 Ba6 14. a4 Bxd3 15. Qxd3 Qb8 16. Nb5 e5 17. Bc3 Rd8 18. Rfe1 Ne4 19. Re2 Bc5 20. Kf1 f6 21. Rxe4 dxe4 22. Qc4+ Kh8 23. Qxc5 Qb7 24. Re1 Rd5 25. Qc4 Rc8 26. Qxe4 Qd7 27. Qf3 Rc4 28. b3 Rc8 29. h3 h6 30. Kg1 Qd8 31. Kh2 Qd7 32. Rc1 e4 33. Qxe4 Rxb5 34. axb5 Rxc3 35. Qa8+ Kh7 36. Qxa5 Qd2 37. Qa1 Rc5 38. c4 Qxf2 39. Qb1+ Kh8 40. Qc2 Qf4+ 41. Kh1 f5 42. b4 Re5 43. b6 Re4 44. c5 Qe5 45. Qc3 Qd5 46. c6 Re2 47. Qf3 Qd2 48. Rf1 1-0

[Event "Rewal op-B 13th"]
[Site "Rewal"]
[Date "2008.08.27"]
[Round "7"]
[White "Piotrowski, Arkadiusz"]
[Black "Wozniak, Bartosz"]
[Result "0-1"]
[WhiteElo "1955"]
[BlackElo "1737"]
[PlyCount "86"]
[EventDate "2008.08.19"]
[EventType "swiss"]
[EventRounds "9"]
[EventCountry "POL"]
[SourceTitle "CBM 126 Extra"]
[Source "ChessBase"]
[SourceDate "2008.11.05"]
[SourceVersion "1"]
[SourceVersionDate "2008.11.05"]
[SourceQuality "1"]

1. e4 c5 2. b4 cxb4 3. a3 bxa3 4. Bxa3 d6 5. Bc4 Nf6 6. Nc3 g6 7. Bb2 Bg7 8. Nd5 0-0 9. Nxf6+ exf6 10. f4 Re8 11. d3 d5 12. Bb5 Bd7 13. Bxd7 Nxd7 14. Qf3 Nc5 15. 0-0-0 dxe4 16. dxe4 Qc7 17. Re1 Rad8 18. Kb1 Qa5 19. Nh3 Na4 20. Nf2 Re6 21. Re3 Nxb2 22. Kxb2 Rb6+ 23. Rb3 Rd2 24. Ra1 Qc5 25. Qc3 Rxb3+ 26. Kxb3 Qb6+ 27. Ka2 Qxf2 28. Qc8+ Bf8 29. Kb2 Qd4+ 30. Qc3 Qxc3+ 31. Kxc3 Rxg2 32. Rxa7 b6 33. Ra8 Kg7 34. Kd3 Rxh2 35. Rb8 Bc5 36. Rb7 Rh3+ 37. Kc4 Re3 38. Kd5 h5 39. e5 fxe5 40. fxe5 h4 41. c4 Rd3+ 42. Kc6 h3 43. e6 Rd6+ 0-1

[Event "POL-ch U12"]
[Site "Ustron"]
[Date "2008.03.12"]
[Round "7"]
[White "Wozniak, Bartosz"]
[Black "Peronczyk, Karol"]
[Result "1/2-1/2"]
[WhiteElo "1739"]
[BlackElo "1630"]
[PlyCount "38"]
[EventDate "2008.03.08"]
[EventType "swiss"]
[EventRounds "11"]
[EventCountry "POL"]
[SourceTitle "EXT 2010"]
[Source "ChessBase"]
[SourceDate "2010.11.25"]
[SourceVersion "1"]
[SourceVersionDate "2010.11.25"]
[SourceQuality "1"]

1. e4 c5 2. c3 d5 3. exd5 Qxd5 4. d4 Nc6 5. Nf3 Nf6 6. Be2 cxd4 7. cxd4 e6 8. 0-0 Be7 9. Nc3 Qd6 10. Be3 0-0 11. Qd2 b6 12. Rac1 Bb7 13. a3 Rac8 14. Rfd1 Rfd8 15. h3 Na5 16. Bf4 Qd7 17. Bb5 Bc6 18. Ne5 Qe8 19. Nxc6 Nxc6 1/2-1/2

[Event "Polanica Zdroj op-C 43rd"]
[Site "Polanica Zdroj"]
[Date "2007.08.20"]
[Round "4.9"]
[White "Dawidczyk, Alina"]
[Black "Wozniak, Bartosz"]
[Result "1-0"]
[WhiteElo "1844"]
[BlackElo "1777"]
[PlyCount "99"]
[EventDate "2007.08.17"]
[EventType "swiss"]
[EventRounds "9"]
[EventCountry "POL"]
[SourceTitle "CBM 120 Extra"]
[Source "ChessBase"]
[SourceDate "2007.11.01"]
[SourceVersion "1"]
[SourceVersionDate "2007.11.01"]
[SourceQuality "1"]

1. d4 Nf6 2. c4 c5 3. Nf3 cxd4 4. Nxd4 e5 5. Nb3 d6 6. Nc3 Be7 7. e3 b6 8. Bd3 Bb7 9. f3 0-0 10. 0-0 Qd7 11. Nd2 Na6 12. Nde4 Nxe4 13. Nxe4 Bxe4 14. Bxe4 Rac8 15. b3 f5 16. Bd5+ Kh8 17. Bb2 Nc7 18. Rc1 Qe8 19. b4 Qg6 20. c5 dxc5 21. Bxe5 Nxd5 22. Qxd5 cxb4 23. Rxc8 Rxc8 24. Qd7 Re8 25. Rc1 Bc5 26. Bxg7+ Kg8 27. Bd4 Bxd4 28. Qxd4 a5 29. Rc7 Rb8 30. Qd5+ Kh8 31. Re7 Rf8 32. h3 Qf6 33. Qd7 Qg6 34. Re6 Qg7 35. Qd5 Rg8 36. f4 Qg3 37. Qe5+ Qg7 38. Qxg7+ Rxg7 39. Rxb6 Re7 40. Kf2 Rc7 41. g4 fxg4 42. hxg4 Rc2+ 43. Kf3 Rxa2 44. f5 Rb2 45. f6 Kg8 46. e4 b3 47. e5 Kf7 48. g5 Rb1 49. e6+ Kf8 50. Rb8# 1-0

[Event "Polanica Zdroj op-C 43rd"]
[Site "Polanica Zdroj"]
[Date "2007.08.19"]
[Round "3.8"]
[White "Wozniak, Bartosz"]
[Black "Kwiek, Janusz"]
[Result "1/2-1/2"]
[WhiteElo "1777"]
[BlackElo "1857"]
[PlyCount "78"]
[EventDate "2007.08.17"]
[EventType "swiss"]
[EventRounds "9"]
[EventCountry "POL"]
[SourceTitle "CBM 120 Extra"]
[Source "ChessBase"]
[SourceDate "2007.11.01"]
[SourceVersion "1"]
[SourceVersionDate "2007.11.01"]
[SourceQuality "1"]

1. e4 Nc6 2. Nc3 e5 3. f4 Bc5 4. Nf3 d6 5. Bb5 Bg4 6. d3 a6 7. Bxc6+ bxc6 8. h3 Bxf3 9. Qxf3 Qe7 10. Be3 Bxe3 11. Qxe3 Nf6 12. 0-0 0-0 13. f5 d5 14. Ne2 dxe4 15. dxe4 Qb4 16. Ng3 Qb6 17. Qxb6 cxb6 18. Rfd1 Rfd8 19. c3 Kf8 20. Kf2 Ke7 21. Ke3 a5 22. a3 b5 23. Rxd8 Rxd8 24. b3 h5 25. h4 g6 26. Ke2 Ng4 27. Rc1 c5 28. Rc2 Rd6 29. Rc1 Kd7 30. Rc2 Nf6 31. Rc1 Kc7 32. Ke3 Ng4+ 33. Ke2 Nf6 34. Ke3 Kb6 35. Ke2 Ng4 36. Rc2 Nf6 37. Rc1 Ng4 38. Rc2 Nf6 39. Rc1 Ng4 1/2-1/2

[Event "Blaszczak Memorial 22nd"]
[Site "Wroclaw"]
[Date "2007.05.27"]
[Round "8.2"]
[White "Wozniak, Bartosz"]
[Black "Dowgird, Filip"]
[Result "0-1"]
[WhiteElo "1799"]
[BlackElo "1895"]
[PlyCount "120"]
[EventDate "2007.05.24"]
[EventType "swiss"]
[EventRounds "9"]
[EventCountry "POL"]
[SourceTitle "EXT 2023"]
[Source "ChessBase"]
[SourceDate "2022.10.05"]
[SourceVersion "1"]
[SourceVersionDate "2022.10.05"]
[SourceQuality "1"]

1. e4 e6 2. d4 d5 3. e5 c5 4. c3 Nc6 5. Nf3 Bd7 6. Bd3 Nge7 7. 0-0 cxd4 8. cxd4 Qb6 9. Kh1 Nxd4 10. Nxd4 Qxd4 11. f4 g6 12. Nc3 a6 13. Qe2 h5 14. a3 Nf5 15. Rd1 Qb6 16. b4 Rc8 17. Bb2 Ne3 18. Re1 Ng4 19. Rf1 Qe3 20. Qxe3 Nxe3 21. Rf3 Nc4 22. Bxc4 Rxc4 23. h3 Bc6 24. Rf2 Bh6 25. Raf1 0-0 26. Kh2 h4 27. Nd1 d4 28. Rd2 d3 29. g3 hxg3+ 30. Kxg3 Rc2 31. Rxc2 dxc2 32. Ne3 Rd8 33. Bc1 Rd3 34. Rf2 g5 35. fxg5 Bxg5 36. Re2 Rd1 37. Rxc2 Rxc1 38. Rxc1 Bxe3 39. Rd1 Kg7 40. Rd3 Bb6 41. h4 Bc7 42. Re3 f6 43. Kg4 Bxe5 44. h5 Kh6 45. Re1 f5+ 46. Kh3 Be4 47. Rd1 Kxh5 48. Rd7 Kg5 49. Rxb7 Bxb7 50. a4 Bc3 51. b5 axb5 52. axb5 e5 53. b6 Ba5 54. Kg3 Bxb6 55. Kh2 e4 56. Kg3 f4+ 57. Kh2 Bc7 58. Kg2 e3+ 59. Kg1 f3 60. Kh1 f2# 0-1

[Event "Blaszczak Memorial 22nd"]
[Site "Wroclaw"]
[Date "2007.05.24"]
[Round "1.6"]
[White "Wozniak, Bartosz"]
[Black "Kubica, Michal"]
[Result "1/2-1/2"]
[WhiteElo "1799"]
[BlackElo "1677"]
[PlyCount "65"]
[EventDate "2007.05.24"]
[EventType "swiss"]
[EventRounds "9"]
[EventCountry "POL"]
[SourceTitle "EXT 2023"]
[Source "ChessBase"]
[SourceDate "2022.10.05"]
[SourceVersion "1"]
[SourceVersionDate "2022.10.05"]
[SourceQuality "1"]

1. e4 c5 2. c3 d5 3. exd5 Qxd5 4. d4 e6 5. Nf3 Nf6 6. Be3 cxd4 7. cxd4 Be7 8. Nc3 Qd8 9. Be2 0-0 10. 0-0 Nd5 11. Rc1 Nc6 12. Qd2 Bf6 13. a3 Nce7 14. Bd3 Bd7 15. Ng5 Ng6 16. Nxd5 exd5 17. f4 Qb6 18. Qf2 Rfe8 19. Kh1 h6 20. Nf3 Ne7 21. Ne5 Bf5 22. Bxf5 Nxf5 23. b4 Nxe3 24. Qxe3 Bxe5 25. fxe5 f6 26. Qg3 fxe5 27. dxe5 Qe6 28. Rce1 Rf8 29. Rf4 Rxf4 30. Qxf4 Re8 31. Qd4 a6 32. h3 Qc6 33. Rd1 1/2-1/2

[Event "Wroclaw Polonia op-B 2nd"]
[Site "Wroclaw"]
[Date "2007.04.19"]
[Round "4"]
[White "Wieczorek, Bruno"]
[Black "Wozniak, Bartosz"]
[Result "0-1"]
[WhiteElo "1480"]
[BlackElo "1799"]
[PlyCount "68"]
[EventDate "2007.04.18"]
[EventType "swiss"]
[EventRounds "9"]
[EventCountry "POL"]
[SourceTitle "EXT 2011"]
[Source "ChessBase"]
[SourceDate "2010.11.26"]
[SourceVersion "1"]
[SourceVersionDate "2010.11.26"]
[SourceQuality "1"]

1. e4 c5 2. Nf3 Nc6 3. d4 cxd4 4. Nxd4 e5 5. Nb5 a6 6. N5a3 Nf6 7. Bg5 Be7 8. Nc3 0-0 9. Bxf6 Bxf6 10. Nd5 b5 11. c3 d6 12. Nc2 Be6 13. Nce3 Be7 14. h4 Rb8 15. h5 h6 16. g4 a5 17. Qf3 Bg5 18. Rd1 b4 19. c4 Nd4 20. Qg3 b3 21. a3 Qc8 22. Rg1 Qc5 23. Nf5 Bxf5 24. gxf5 Nc2+ 25. Ke2 Qxc4+ 26. Qd3 Nd4+ 27. Ke1 Qc2 28. Qxc2 bxc2 29. Ra1 Nf3+ 30. Ke2 Nxg1+ 31. Kd3 c1Q 32. Rxc1 Bxc1 33. Kc4 Rfc8+ 34. Kd3 Rb3+ 0-1